City to Country Tile Select #3 - Statistics

General Stats
  • This quiz has been taken 3,026 times
  • The average score is 45 of 60
Answer Stats
Question Tile Select % Correct
Netherlands Amsterdam Yes
97%
Turkey Sochi No
97%
Turkey Tbilisi No
97%
Netherlands Bonn No
95%
Netherlands Strasbourg No
95%
Turkey Thessaloniki No
95%
Colombia Bogota Yes
94%
Iran Tehran Yes
94%
Turkey Antalya Yes
93%
Turkey Aleppo No
92%
Colombia Belem No
92%
Turkey Izmir Yes
92%
Netherlands The Hague Yes
92%
Turkey Limassol No
90%
D.R. Congo Bangui No
89%
Netherlands Duisburg No
89%
Colombia Valencia No
89%
Iran Ashgabat No
88%
Turkey Ganja No
88%
Netherlands Ghent No
86%
Colombia Guayaquil No
86%
D.R. Congo Kinshasa Yes
86%
Colombia Medellin Yes
86%
Iran Samarkand No
86%
Netherlands Utrecht Yes
86%
Netherlands Antwerp No
85%
D.R. Congo Cabinda No
84%
Colombia Concepcion No
84%
Netherlands Aarhus No
83%
Colombia Arequipa No
82%
Netherlands Aachen No
80%
Colombia Cochabamba No
80%
D.R. Congo Mombasa No
79%
Iran Mosul No
79%
Iran Basra No
78%
Iran Erbil No
77%
D.R. Congo Pointe-Noire No
75%
Iran Herat No
74%
D.R. Congo Ndola No
73%
Colombia Barranquilla Yes
71%
Netherlands Groningen Yes
70%
Colombia Cali Yes
69%
Turkey Gaziantep Yes
69%
Turkey Adana Yes
68%
D.R. Congo Mwanza No
67%
Colombia Cartagena Yes
65%
Turkey Tabriz No
65%
Iran Esfahan Yes
62%
D.R. Congo Lubumbashi Yes
59%
Iran Mashhad Yes
58%
Iran Qom Yes
55%
Turkey Konya Yes
53%
Iran Tabriz Yes
52%
D.R. Congo Kisangani Yes
51%
D.R. Congo Kananga Yes
42%
Netherlands Tilburg Yes
40%
D.R. Congo Mbuji-Mayi Yes
39%
Iran Yazd Yes
31%
D.R. Congo Likasi Yes
26%
Colombia Manizales Yes
19%
No matching quizzes found
Score Distribution
Percent of People with Each Score
Percentile by Number Answered
Your Score History
You have not taken this quiz